Nature of politics (Record no. 358818)

000 -LEADER
fixed length control field 00315cam a22001217a 4500
008 - FIXED-LENGTH DATA ELEMENTS--GENERAL INFORMATION
fixed length control field 180718b1969 xxu||||| |||| 00| 0 eng d
082 ## - DEWEY DECIMAL CLASSIFICATION NUMBER
Classification number B2 Av16
100 ## - MAIN ENTRY--PERSONAL NAME
Personal name Avasthi, Rajendra
245 ## - TITLE STATEMENT
Title Nature of politics
Statement of responsibility, etc. by Rajendra Avasthi
260 ## - PUBLICATION, DISTRIBUTION, ETC.
Place of publication, distribution, etc. Bombay
Name of publisher, distributor, etc. Asia
Date of publication, distribution, etc. 1969
300 ## - PHYSICAL DESCRIPTION
Extent 160p.
650 ## - SUBJECT ADDED ENTRY--TOPICAL TERM
Topical term or geographic name entry element Political Science.
Holdings
Withdrawn status Lost status Damaged status Not for loan Permanent Location Current Location Date acquired Full call number Barcode Date last seen Price effective from Koha item type
        Indian Institute of Public Administration Indian Institute of Public Administration 1994-02-02 B2 Av16 44436 2018-07-21 2018-07-21 Book

Powered by Koha